Environmental monitoring and assessment. (Registro nro. 16892)

Detalles MARC
000 -CABECERA
Campo de control 01176cas a2200253 a 4500
005 - FECHA Y HORA DE LA ULTIMA TRANSACCION
Campo de control 20171124163119.0
008 - ELEMENTOS DE LONGITUD FIJA—INFORMACION GENERAL
Campo de control 810716c19819999ne sx p 0 a0eng c
022 ## - ISSN
ISSN 0167-6369
040 ## - FUENTE DE CATALOGACIÓN
Agencia catalogadora original OCoB
Agencia transcriptora OCoB
Agencia Modificadora DLC
-- NST
-- DLC
-- NSDP
-- NST
-- OCoLC
-- NST
-- OCoLC
-- NST
-- AIP
-- NST
-- AIP
-- NST
-- NSDP
-- DNLM
-- NST
-- NSDP
-- NST
-- NSDP
-- NST
-- DLC
-- NSDP
-- MiU
-- DNAL
-- MH
-- OCoLC
-- CU-S
-- DNLM
-- HkUST
-- DLC
-- OCoLC
-- DNLM
-- GU
-- NYDWH
-- OCoLC
-- UKMGB
-- OrPS
-- InU
-- OCoLC
-- OCLCF
-- BEDGE
-- OCLCO
-- OCoLC
-- CO-BoIAVH
041 0# - IDIOMA
Código de idioma para texto/pista de sonido o título separado Español
090 ## - CLASIFICACIÓN LOCAL
Colección SE
245 00 - MENCION DE TITULO
Título Environmental monitoring and assessment.
260 ## - PUBLICACION, DISTRIBUCION, ETC. (PIE DE IMPRENTA)
Lugar de publicación, distribución, etc. Dordrecht, (Holanda) ;
-- Boston (EE.UU.) :
Nombre del editor, distribuidor, etc. D. Reidel Pub. Co.,
Fecha de publicación, distribución, etc. ©1981-
300 ## - DESCRIPCION FISICA
Otros detalles físicos ilustraciones ;
Dimensiones 24 cm
310 ## - FRECUENCIA ACTUAL DE LA PUBLICACIÓN
Date of current publication frequency 2004-
Frecuencia actual de la publicación Quincenal
321 ## - FRECUENCIA ANTERIOR DELA PUBLICACIÓN
Former publication frequency 1981-2003
510 2# - CITATION/REFERENCES NOTE
Name of source Chemical abstracts
International Standard Serial Number 0009-2258
650 26 - ASIENTO SECUNDARIO DE MATERIA - TERMINO TEMATICO
Término temático o nombre geográfico como elemento de entrada Vigilancia ambiental
Subdivisión de forma Publicaciones periódicas
9 (RLIN) 87222
650 26 - ASIENTO SECUNDARIO DE MATERIA - TERMINO TEMATICO
Término temático o nombre geográfico como elemento de entrada Polución
Subdivisión general Medición
Subdivisión de forma Publicaciones periódicas
9 (RLIN) 87223
650 26 - ASIENTO SECUNDARIO DE MATERIA - TERMINO TEMATICO
Término temático o nombre geográfico como elemento de entrada Medio ambiente
Subdivisión general Contaminates
-- Análisis
Subdivisión de forma Publicaciones periódicas
9 (RLIN) 87224
650 26 - ASIENTO SECUNDARIO DE MATERIA - TERMINO TEMATICO
Término temático o nombre geográfico como elemento de entrada Protección ambiental
9 (RLIN) 87225
776 1# - ADDITIONAL PHYSICAL FORM ENTRY
Title Environmental monitoring and assessment (Online)
Record control number (DLC) 2004233251
-- (OCoLC)41559970
942 ## - ELEMENTOS ADICIONALES (KOHA)
Sistema de clasificación Local
Tipo de ítem Periodica o revista
Existencias
Withdrawn status Lost status Sistema de Clasificación Damaged status No para préstamo Colección Fecha publicación (Año) Volumen revista Número revista Inventariado Ubicación Permanente Ubicación actual Fecha de adquisición Fuente de adquisición Datos de publicación Seriada Total Checkouts Número topográfico Inventario / Código de Barras Date last seen Ejemplar Price effective from Forma de adquisición Tipo de material
    Local     Hemeroteca 2002 76 1 Inventariado 2017 Bogotá Bogotá 08/04/2003 Desconocido Vol 76, Nro 1 (01/05/2002)   SE 007041 25/03/2015 Ej. 1 25/03/2015 Donación Periodica o revista